<?xml version="1.0" encoding="UTF-8"?>
<collection xmlns="http://www.loc.gov/MARC21/slim">
 <record>
  <leader>00586nam a22001695a 4500</leader>
  <controlfield tag="001">DCC.dcic001663</controlfield>
  <controlfield tag="008">160427s2002####sp#a##########000#0#und#d</controlfield>
  <controlfield tag="005">20160427124001.0</controlfield>
  <datafield tag="245" ind1="1" ind2="0">
   <subfield code="a">Sistemas de ficheros Linux :</subfield>
   <subfield code="b">Edición Especial /</subfield>
   <subfield code="c">William Von Hagen.</subfield>
  </datafield>
  <datafield tag="250" ind1=" " ind2=" ">
   <subfield code="a">1 era. edición.</subfield>
  </datafield>
  <datafield tag="260" ind1=" " ind2=" ">
   <subfield code="a">Madrid :</subfield>
   <subfield code="b">Pearson Educación,</subfield>
   <subfield code="c">c2002.</subfield>
  </datafield>
  <datafield tag="300" ind1=" " ind2=" ">
   <subfield code="a">xxiii,613 p. +</subfield>
   <subfield code="e">1 CD :</subfield>
   <subfield code="b">il. ;</subfield>
   <subfield code="c">24 cm.</subfield>
  </datafield>
  <datafield tag="500" ind1=" " ind2=" ">
   <subfield code="a">Traducido de LinuxFilesystems. Traductor: Manuel Campos Martínez.</subfield>
  </datafield>
  <datafield tag="500" ind1=" " ind2=" ">
   <subfield code="a">Incluye índice.</subfield>
  </datafield>
  <datafield tag="020" ind1=" " ind2=" ">
   <subfield code="a">8420534781</subfield>
  </datafield>
  <datafield tag="100" ind1="1" ind2=" ">
   <subfield code="a">Von Hagen, William.</subfield>
  </datafield>
  <datafield tag="859" ind1=" " ind2=" ">
   <subfield code="a">DCIC</subfield>
   <subfield code="b">BIB. COMPUTACION</subfield>
   <subfield code="p">1815</subfield>
  </datafield>
 </record>
</collection>
